| 000 | 00341nam a2200133Ia 4500 | ||
|---|---|---|---|
| 008 | 240624s9999 xx 000 0 und d | ||
| 041 | _aeng | ||
| 082 | _a100 CHI | ||
| 100 | _aCHILDERS TIMOTHY | ||
| 245 | _aPHILOSOPHY AND PROBABILITY | ||
| 260 |
_c2013 _aNew Delhi _bOxford India |
||
| 300 | _axvii, : 194 : p. : cm. ; 21 | ||
| 365 |
_cRS _b31 |
||
| 999 |
_c23399 _d23399 |
||